| 000 | 01169nam a22003497a 4500 | ||
|---|---|---|---|
| 003 | CHAP | ||
| 005 | 20220329135353.0 | ||
| 008 | 971013s1987 r 00010 d | ||
| 010 | _a35208 | ||
| 011 | _a36180 | ||
| 035 | _a40299 | ||
| 040 | _cCHAP | ||
| 090 | _aFolleto 11658 | ||
| 100 | 0 | 0 |
_aOppen, M. von. _983376 |
| 245 |
_aTank irrigation in semi-arid tropical India _b: economic evaluation and alternatives for improvement |
||
| 260 |
_aPatancheru : _bICRISAT, _c1987 |
||
| 300 |
_a38 p. _b: ilus. ; gráfs. |
||
| 490 |
_aResearch bulletin _v; 10 |
||
| 590 |
_aBATCH-UPD _b10 _c20130110 _lUCH01 _h0015 |
||
| 590 |
_aBATCH-UPD _b10 _c20130110 _lUCH01 _h1318 |
||
| 590 |
_aBATCH-UPD _b10 _c20130410 _lUCH01 _h0829 |
||
| 590 |
_aBATCH-UPD _b10 _c20130914 _lUCH01 _h0309 |
||
| 590 |
_aCONVERSION _b10 _c20130109 _lUCH01 _h1320 |
||
| 650 | 1 | 4 |
_aAgua _xAlmacenamiento. _92279 |
| 650 | 1 | 4 |
_aDepósitos. _931848 |
| 650 | 1 | 4 |
_aIngeniería hidráulica _xIndia. _958245 |
| 830 | 0 |
_aResearch bulletin _v; 10 _996062 |
|
| 901 | _aBK | ||
| 942 | _cFOLL | ||
| 949 |
_aFolleto 11658 _bBC _cFOLL _d-92133 _eTS1 _i40299 _si |
||
| 949 |
_aFolleto 11658 _bBC _cFOLL _d-92134 _eTS2 _fc.2 _i40299 _si |
||
| 999 |
_c35208 _d35208 |
||